| 000 -LEADER |
| fixed length control field |
nam a22 a 4500 |
| 003 - CONTROL NUMBER IDENTIFIER |
| control field |
AKMAL |
| 005 - DATE AND TIME OF LATEST TRANSACTION |
| control field |
20170504091456.0 |
| 008 - FIXED-LENGTH DATA ELEMENTS--GENERAL INFORMATION |
| fixed length control field |
170504s2004 my a e b 000 0 may d |
| 020 ## - INTERNATIONAL STANDARD BOOK NUMBER |
| International Standard Book Number |
9831927702 (kkt.) : |
| Terms of availability |
RM28.00 |
| 020 ## - INTERNATIONAL STANDARD BOOK NUMBER |
| International Standard Book Number |
9789833585151 |
| 040 ## - CATALOGING SOURCE |
| Original cataloging agency |
AKMAL |
| 082 04 - DEWEY DECIMAL CLASSIFICATION NUMBER |
| Classification number |
152.4 EQP |
| Edition number |
22 |
| 082 04 - DEWEY DECIMAL CLASSIFICATION NUMBER |
| Classification number |
152.2 MOH |
| 090 00 - LOCALLY ASSIGNED LC-TYPE CALL NUMBER (OCLC); LOCAL CALL NUMBER (RLIN) |
| Classification number (OCLC) (R) ; Classification number, CALL (RLIN) (NR) |
152.4 |
| Local cutter number (OCLC) ; Book number/undivided call number, CALL (RLIN) |
EQP |
| 090 00 - LOCALLY ASSIGNED LC-TYPE CALL NUMBER (OCLC); LOCAL CALL NUMBER (RLIN) |
| Classification number (OCLC) (R) ; Classification number, CALL (RLIN) (NR) |
152.2 |
| Local cutter number (OCLC) ; Book number/undivided call number, CALL (RLIN) |
MOH |
| 245 00 - TITLE STATEMENT |
| Title |
EQ : |
| Remainder of title |
panduan meningkatkan kecerdasan emosi / |
| Statement of responsibility, etc. |
editor Mohd. Azhar Abd. Hamid |
| 260 ## - PUBLICATION, DISTRIBUTION, ETC. |
| Place of publication, distribution, etc. |
Bentong, Pahang : |
| Name of publisher, distributor, etc. |
PTS Publications & Distributors, |
| Date of publication, distribution, etc. |
2004 |
| 260 ## - PUBLICATION, DISTRIBUTION, ETC. |
| Place of publication, distribution, etc. |
Bentong, Pahang : |
| Name of publisher, distributor, etc. |
PTS Publications & Distributors, |
| Date of publication, distribution, etc. |
2006 |
| 300 ## - PHYSICAL DESCRIPTION |
| Extent |
vi, 275ms. : |
| Other physical details |
il. ; |
| Dimensions |
23cm |
| 504 ## - BIBLIOGRAPHY, ETC. NOTE |
| Bibliography, etc. note |
Bibliografi: ms. 263-272 |
| 650 20 - SUBJECT ADDED ENTRY--TOPICAL TERM |
| Topical term or geographic name entry element |
Emotions and cognition |
| 9 (RLIN) |
1038 |
| 650 20 - SUBJECT ADDED ENTRY--TOPICAL TERM |
| Topical term or geographic name entry element |
Emotions |
| General subdivision |
Social aspects |
| 9 (RLIN) |
1039 |
| 650 10 - SUBJECT ADDED ENTRY--TOPICAL TERM |
| Topical term or geographic name entry element |
Emotional intelligence |
| 9 (RLIN) |
1040 |
| 700 0# - ADDED ENTRY--PERSONAL NAME |
| Personal name |
Mohd. Azhar Abd. Hamid |
| 9 (RLIN) |
1041 |
| 942 ## - ADDED ENTRY ELEMENTS (KOHA) |
| Source of classification or shelving scheme |
|
| Koha item type |
Book |